Rivista storica italiana / (Registro nro. 2183)

Detalles MARC
000 -LEADER
campo de control de longitud fija 01141nas a2200361 i 4500
001 - NÚMERO DE CONTROL
campo de control 2183
003 - IDENTIFICADOR DE NÚMERO DE CONTROL
campo de control ES-MaACL
005 - FECHA Y HORA DE LA ÚLTIMA TRANSACCIÓN
campo de control 20250803062530.0
007 - CAMPO FIJO DE DESCRIPCIÓN FÍSICA--INFORMACIÓN GENERAL
campo de control de longitud fija t|
008 - DATOS DE LONGITUD FIJA--INFORMACIÓN GENERAL
campo de control de longitud fija 950801c1884 it | | 1 ||ta d
022 ## - NÚMERO INTERNACIONAL NORMALIZADO PARA PUBLICACIONES SERIADAS
Número Internacional Normalizado para Publicaciones Seriadas 0035-7073
080 ## - NÚMERO DE LA CLASIFICACIÓN DECIMAL UNIVERSAL
Número de la Clasificación Decimal Universal 45
245 00 - MENCIÓN DEL TÍTULO
Título Rivista storica italiana /
Mención de responsabilidad, etc. dir. C. Rinaudo.
260 ## - PUBLICACIÓN, DISTRIBUCIÓN, ETC.
Lugar de publicación, distribución, etc. Torino, etc :
Nombre del editor, distribuidor, etc. Fratelli Bocca,
Fecha de publicación, distribución, etc. 1884- (
Fabricante Vicenzo Bona)
300 ## - DESCRIPCIÓN FÍSICA
Extensión v ;
Dimensiones 23 cm.
310 ## - PERIODICIDAD ACTUAL
Periodicidad actual Trimestral
321 ## - PERIODICIDAD ANTERIOR
Periodicidad anterior Trimestral,
Fechas de la periodicidad anterior 1884-95
321 ## - PERIODICIDAD ANTERIOR
Periodicidad anterior Bimestral,
Fechas de la periodicidad anterior 1896-1903
321 ## - PERIODICIDAD ANTERIOR
Periodicidad anterior Trimestral,
Fechas de la periodicidad anterior 1904-24
321 ## - PERIODICIDAD ANTERIOR
Periodicidad anterior Semestral,
Fechas de la periodicidad anterior 1925-26
321 ## - PERIODICIDAD ANTERIOR
Periodicidad anterior Trimestral,
Fechas de la periodicidad anterior 1927-28
321 ## - PERIODICIDAD ANTERIOR
Periodicidad anterior Cuatrimestral,
Fechas de la periodicidad anterior 1929
362 0# - FECHAS DE PUBLICACIÓN Y/O DESIGNACIÓN SECUENCIAL
Fecha de publicación y/o designación secuencial Anno 1, vol. 1, fasc. 1 (1884)-
500 ## - NOTA GENERAL
Nota general En 1901 se publica un índice de los años 1884-1901.
650 17 - PUNTO DE ACCESO ADICIONAL DE MATERIA--TÉRMINO DE MATERIA
Término de materia o nombre geográfico como elemento de entrada Historia
Fuente del encabezamiento o término embne
9 (RLIN) 179933
700 1# - ENTRADA AGREGADA--NOMBRE PERSONAL
Nombre de persona Rinaudo, Costanzo.
9 (RLIN) 131825
700 1# - ENTRADA AGREGADA--NOMBRE PERSONAL
Nombre de persona Egidi, Pietro,
Término indicativo de función/relación
9 (RLIN) 194428
700 1# - ENTRADA AGREGADA--NOMBRE PERSONAL
Nombre de persona Cognaso, Francesco.
9 (RLIN) 39475
700 1# - ENTRADA AGREGADA--NOMBRE PERSONAL
Nombre de persona Volpe, Gioacchino,
Término indicativo de función/relación
9 (RLIN) 194429
852 ## - LOCALIZACIÓN
Ubicación ES-MaACL
Número de control de estantería Hem-148
866 #0 - MENCIÓN TEXTUAL DE FONDOS--UNIDAD BIBLIOGRÁFICA BÁSICA
Fondos 1884-1930,1932-33(1934f.fasc.II)1935(1936f.fasc.II-IV),1950(1951).
Existencias
Estatus retirado Estado de pérdida Estado de daño No para préstamo Colección Biblioteca de origen Biblioteca actual Ubicación en estantería Fecha de adquisición Fuente de adquisición Total de préstamos Signatura topográfica completa Código de barras Visto por última vez Precio de reemplazo Tipo de ítem Koha
        Periódicos y Revistas Biblioteca del Ateneo de Madrid Biblioteca del Ateneo de Madrid Depósito 1 17/01/2008     Hem-148 1002222 23/02/2023 23/02/2023 Revista